La asociación internacional de sociología y el desarrollo en el mundo de la sociología /

Gespeichert in:
Bibliographische Detailangaben
1. Verfasser: Hill, Reuben
Format: Text
Tags: Tag hinzufügen
Keine Tags, Fügen Sie den ersten Tag hinzu!

MARC

LEADER 00000 a a2200000 04500
001 40603
003
040
100 |a Hill, Reuben  
245 |a La asociación internacional de sociología y el desarrollo en el mundo de la sociología /  |c Reuben Hill  
773 |g volumen3, (XI Seminario Latinoamericano de Sociología ), [páginas 77-85]  
999 |c 22440  |d 22440